Deutsch Vokabular Neuhaus - que les verbes - Statistiques

Statistiques générales
  • Ce quiz a été pris 24 fois
  • Le résultat moyen est 9 sur 165
Statistiques - réponses
Hint Réponse % Correct
ankommen arriver
75%
achten faire attention
75%
antworten répondre
75%
anpassen ajuster
50%
diskutieren discuter
50%
denken penser
50%
danken remercier
50%
sich ärgern s'énerver
50%
helfen aider
25%
ausgeben dépenser
25%
bezeichnen désigner
25%
hören écouter
25%
eingehen entrer
25%
aufpassen faire attention
25%
sich bewerben postuler
25%
sich bewerben postuler
25%
bitten prier de
25%
berichten rapporter
25%
sich bedanken remercier
25%
sich beklagen se plaindre
25%
sich beschweren se plaindre
25%
beziehen se rapporter
25%
sich enstchuldigen s'excuser
25%
handeln agir
0%
handeln agir
0%
gehören appartenir
0%
anrufen appeler
0%
bringen apporter
0%
aufhören arrêter
0%
vorkommen arriver
0%
sorgen assurer
0%
warten attendre
0%
erwarten attendre
0%
(sich) verstecken cacher
0%
ändern changer
0%
bestellen commander
0%
anfangen commencer
0%
beginnen commencer
0%
vergleichen comparer
0%
sich verlassen compter sur
0%
verbinden connecter
0%
raten conseiller
0%
bestehen consister
0%
beitragen contribuer
0%
überreden convaincre
0%
überzeugen convaincre
0%
passen convenir
0%
glauben croire
0%
abraten déconseiller
0%
fragen demander
0%
nachfragen demander
0%
abhängen dépendre
0%
sich verabschieden dire au revoir
0%
diskutieren discuter
0%
zweifeln douter
0%
erziehen éduquer
0%
einziehen emménager
0%
abhalten empêcher
0%
hoffen espérer
0%
liegen être allongé
0%
verlangen exiger
0%
experimentieren expérimenter
0%
werben faire de la publicité
0%
gratulieren féliciter
0%
zwingen forcer
0%
weglaufen fuir
0%
schmecken goûter
0%
naschen grignoter
0%
hinweisen indiquer
0%
(sich) informieren informer
0%
unterbrechen interrompre
0%
investieren investir
0%
einladen inviter
0%
umgehen manier
0%
führen mener
0%
motivieren motiver
0%
sterben mourir
0%
wetten parier
0%
reden parler
0%
sprechen parler
0%
sprechen parler
0%
sprechen parler
0%
sich unterhalten parler
0%
sich beteiligen participer
0%
teilnehmen participer
0%
zählen payer
0%
sich bewerben postuler
0%
greifen prendre
0%
sich verabreden prendre rendez vous
0%
vortragen présenter
0%
erzählen raconter
0%
erzählen raconter
0%
(sich) erinnern rappeler
0%
berichten rapporter
0%
reagieren réagir
0%
erhalten recevoir
0%
erkennen reconnaître
0%
nachdenken réflechir
0%
sich bedanken remercier
0%
(sich) entfernen retirer
0%
zurückkommen revenir
0%
träumen rêver
0%
lachen rire
0%
sich handeln s'agir
0%
sich richten s'ajuster
0%
speichern sauvegarder
0%
(sich) retten sauver
0%
kämpfen se battre
0%
kämpfen se battre
0%
sich austauschen s'échanger
0%
sich verstehen se comprendre
0%
sich konzentrieren se concentrer
0%
klarkommen se débrouiller
0%
sich entscheiden se décider
0%
sich entschliessen se décider
0%
abmelden se déconnecter
0%
sich unterscheiden se différencier
0%
(sich) streiten se disputer
0%
(sich) streiten se disputer
0%
(sich) streiten se disputer
0%
sich engagieren s'engager
0%
sich engagieren s'engager
0%
sich unterhalten s'entretenir
0%
(sich) trennen séparer
0%
verzichten se passer
0%
schimpfen se plaindre
0%
sich beklagen se plaindre
0%
sich beschweren se plaindre
0%
schimpfen se plaindre
0%
sich vorbereiten se préparer
0%
sich melden se rapporter
0%
sich freuen se réjouir
0%
sich freuen se réjouir
0%
sich treffen se rencontrer
0%
sich erkundigen se renseigner
0%
sich erholen se rétablir
0%
sich spezialisieren se spécialiser
0%
sich halten se tenir
0%
sich wundern s'étonner
0%
sich wenden se tourner
0%
sich befinden se trouver
0%
sich entschuldigen s'excuser
0%
sich gewöhnen s'habituer
0%
sich einsetzen s'impliquer
0%
sich einsetzen s'impliquer
0%
sich sorgen s'inquiéter
0%
sich interessieren s'intéresser
0%
sich kümmern s'occuper de
0%
sich befassen s'occuper de
0%
klingen sonner
0%
sich orientieren s'orienter
0%
ausgehen sortir
0%
leiden souffrir
0%
leiden souffrir
0%
sich wünschen souhaiter
0%
unterstützen soutenir
0%
sich auskennen s'y connaître
0%
telefonieren téléphoner
0%
halten tenir
0%
halten tenir
0%
sich verlieben tomber amoureux
0%
arbeiten travailler
0%
arbeiten travailler
0%
arbeiten travailler
0%
vorbeikommen venir
0%
Aucun quiz correspondant
Distribution des résultats
% des personnes avec chaque résultat
Percentile par nombre de réponses
Votre historique - résultats
Vous n’avez pas pris ce quiz